| 000 | 00879nam a22002897a 4500 | ||
|---|---|---|---|
| 003 | CHAP | ||
| 005 | 20220329140132.0 | ||
| 008 | 971013s1974 r 00010 d | ||
| 010 | _a47479 | ||
| 011 | _a48451 | ||
| 035 | _a52597 | ||
| 040 | _cCHAP | ||
| 082 |
_a631.6 _bV36 |
||
| 100 | 0 | 0 |
_aVan Schilfgaarde, Jan _eed. _9117804 |
| 245 | _aDrainage for agriculture | ||
| 260 |
_aMadison, Wis. : _bAmerican Society of Agronomy, _c1974 |
||
| 300 |
_a700 p. _b: ilus. ; gráfs. |
||
| 490 |
_aAgronomy _v; 17 |
||
| 590 |
_aBATCH-UPD _b10 _c20130110 _lUCH01 _h1423 |
||
| 590 |
_aCONVERSION _b10 _c20130109 _lUCH01 _h1326 |
||
| 650 | 1 | 4 |
_aDrenaje. _934190 |
| 830 | 0 |
_aAgronomy _v; 17 _92198 |
|
| 901 | _aBK | ||
| 942 | _cLIBRO | ||
| 949 |
_a631.6 V36 _bBC _cLIBRO _d33724000164885 _eLIBRO _fc.2 _h51094 _i52597 _si |
||
| 949 |
_a631.6 V36 _bBC _cLIBRO _d33724000164893 _eLIBRO _h510093 _i52597 _si |
||
| 999 |
_c47479 _d47479 |
||